| 000 | 00540nam a2200193 a 4500 | ||
|---|---|---|---|
| 005 | 20250513063845.0 | ||
| 008 | 991125s1971 fr 000 0 spa u | ||
| 035 | _aUPN01000023847 | ||
| 049 | _aCG | ||
| 050 | 4 |
_aGC57 _bB4.3 |
|
| 100 | 1 |
_aBehrman, Daniel, _d1923-1990 _932827 |
|
| 245 | 1 | 0 |
_aExplorando el océano / _cpor Daniel Behrman. |
| 260 |
_aParís : _bUNESCO, _c1971. |
||
| 300 |
_a104 p. : _bil. |
||
| 440 | 3 | _aLa UNESCO y su programa | |
| 650 | 4 | _aINVESTIGACION OCEANOGRAFICA | |
| 650 | 4 |
_aOceanografía _911043 |
|
| 905 | _aLibro | ||
| 999 |
_c23847 _d23847 |
||